Biblioteca y Centro de Documentación

Vista normal Vista MARC

Entrada Nombre corporativo

Número de registros utilizados en: 20

001 - NÚMERO DE CONTROL

  • Campo de control: 1933

003 - IDENTIFICADOR DE NÚMERO DE CONTROL

  • Campo de control: ES-MaCES

005 - FECHA Y HORA DE LA ULTIMA MODIFICACION

  • Campo de control: 19990607175400.0

008 - ELEMENTOS DE DATOS DE LONGITUD FIJA

  • Campo de longitud fija: 981123 | azznnaabn || ana d

035 ## - NÚMERO DE CONTROL DEL SISTEMA

  • Número de control del sistema: CES19980008435e

040 ## - FUENTE DE LA CATALOGACIÓN

  • Agencia original de catalogación: ES-MaCES
  • Idioma de catalogación: spa
  • Agencia de transcripción: ES-MaCES

110 2# - ENCABEZAMIENTO--NOMBRE CORPORATIVO

  • Nombre corporativo o de jurisdicción como elemento de entrada: Centro para la Cooperación con las Economías Europeas en Transición

410 2# - TRAZADO VEÁSE--NOMBRE CORPORATIVO

  • Nombre corporativo o de jurisdicción como elemento de entrada: Centre de l'OCDE pour la cooperation avec les non-membres (CCNM)

410 2# - TRAZADO VEÁSE--NOMBRE CORPORATIVO

  • Nombre corporativo o de jurisdicción como elemento de entrada: Centre for Co-operation with the Economies in Transition

410 2# - TRAZADO VEÁSE--NOMBRE CORPORATIVO

  • Nombre corporativo o de jurisdicción como elemento de entrada: Organización de Cooperación y Desarrollo Económico
  • Unidad subordinada: Centro para la Cooperación con las Economías Europeas en Transición

670 ## - FUENTE DE DATOS ENCONTRADOS

  • Fuente de citación: Bibliografía Nacional

901 ## - CES. DATOS SIRTEX

  • ID Sirtex (N5N8): 0001800000843
  • 005BIS Sirtex: 199811231400MIG
© CES, Consejo Económico y Social de España 2021